00958naa#a2200193#i#4500001001600000005001700016011001400033100004100047102000700088200028500095210005600380215001100436608004500447675010400492700005800596700004600654700005200700856001200752RU\\bibl\12045520260419125445.7##a2782-4586##a20260331b2026####ek#y0rusy0150####ca##aRU1#aТеневая экономическая деятельность транснациональных корпораций: операционные модели и механизмы резильентности (на примере Grupo SURA)eЖурнальная статья1#aМоскваcУниверситет ИТБОd2026##a14 с.##aЖурнальная статья2local##aЭкономические науки в целом. Политическая экономия. 330#1aНаумоваgОльга Александровна#1aАнаньевgЛев Борисович#1aКоролевgАндрей Андреевич4#azhpi.ru